| 000 | 00386nam a22001457a 4500 | ||
|---|---|---|---|
| 008 | 230228b |||||||| |||| 00| 0 eng d | ||
| 020 | _a978-93-93559-43-2 | ||
| 082 | _a294.34 | ||
| 100 | _aVictor M. Parachin | ||
| 245 |
_aThink like the Buddha: _b108 days of mindfulness |
||
| 260 |
_bJaico _c2022 |
||
| 300 |
_a219 p. _c18 cm |
||
| 942 | _2ddc | ||
| 999 |
_c9383 _d9384 |
||